| 000 | 00643nam a2200217Ia 4500 | ||
|---|---|---|---|
| 001 | 1550 | ||
| 003 | GE_BSU | ||
| 008 | 181216s||||||||xx |||||||||||||| ||und|| | ||
| 020 | _a5769507292 | ||
| 040 | _cGE_BSU | ||
| 245 | _aРусская литература ХХ Века. Т.1 1920-1930-е годы | ||
| 245 | _bДля студ. пед.ин-тов. | ||
| 245 | _cПод ред.Л.П.Кременцова | ||
| 260 | _aМосква | ||
| 260 | _bАкадемия | ||
| 260 | _c2002 | ||
| 300 | _a494стр. | ||
| 541 | _h20л. | ||
| 653 | _aРусская литература ХХ Века. Т.1 1920-1930-е годы | ||
| 942 | _cBK | ||
| 999 |
_c35677 _d35677 |
||